Towns in Norway - Statistics

General Stats
  • This quiz has been taken 247 times
  • The average score is 13 of 22
Answer Stats
Answer % Correct
Oslo
100%
Bergen
98%
Stavanger
90%
Trondheim
89%
Tromsø
86%
Kristiansand
78%
Bodø
66%
Drammen
66%
Fredrikstad
64%
Ålesund
63%
Hamar
55%
Tønsberg
54%
Skien
48%
Haugesund
47%
Moss
45%
Sarpsborg
44%
Porsgrunn
43%
Sandefjord
41%
Halden
40%
Sandnes
39%
Larvik
36%
Harstad
20%
No matching quizzes found
Score Distribution
Percent of People with Each Score
Percentile by Number Answered
Your Score History
You have not taken this quiz